Statistiques concernant Les rivalités légendaires du football

Cliquez ici pour prendre le quiz!

Statistiques générales

  • Ce quiz a été pris 239 fois
  • Le résultat moyen est 47 sur 64

Statistiques - réponses

PaysNom de la rivalitéVSNom équipe% Correct
Barcelone
100%
Barcelone
100%
EspagneEl ClásicoVSReal Madrid
100%
EspagneLe Derby de MadridVSReal Madrid
100%
Manchester City
97%
AngleterreLe Derby d'AngleterreVSManchester United
97%
AngleterreLe Derby de ManchesterVSManchester United
97%
FranceLe ClassiquePSG
95%
OM
94%
OM
94%
ItalieLe Derby d'ItalieVSAC Milan
93%
ItalieLe Derby della MadonninaVSAC Milan
93%
Inter Milan
93%
ItalieLe Derby d'ItalieVSInter Milan
93%
Juventus
91%
Juventus
91%
EspagneLe Derby d'EspagneVSAtlético Madrid
90%
FranceLe DerbyVSOL
89%
FranceL'OlympicoVSOL
89%
Barcelone
88%
Bayern Munich
88%
Atlético
85%
AllemagneDer KlassikerVSDortmund
84%
Dortmund
84%
Liverpool
84%
Liverpool
84%
Rennes
84%
Séville
84%
Nice
83%
AngleterreLe Derby du Nord de LondresVSArsenal
81%
FranceLe Derby BretonVSNantes
81%
ASSE
80%
Lens
80%
Benfica
78%
PortugalLe Derby de LisbonneVSBenfica
78%
PortugalO ClassicoVSPorto
78%
Roma
78%
Bordeaux
77%
FranceLe Derby de l'EstVSStrasbourg
76%
Tottenham
76%
Ajax
75%
FranceLe Derby du NordVSLOSC
75%
FranceLe Derby de la Côte d'AzurVSMonaco
73%
Sporting
73%
ItalieLe Derby della CapitaleVSLazio
70%
EcosseLe Old FirmVSRangers
68%
EspagneLe Derby de SévilleVSBétis
67%
Celtic
67%
Metz
65%
Pays-BasDe TopperVSPSV
64%
AngleterreLe Merseyside DerbyVSEverton
62%
ArgentineLe SuperclásicoVSBoca Juniors
60%
River Plate
58%
EspagneLe Derby d'EspagneVSEspanyol
53%
EspagneLe Derby VascoVSAthlétic Bilbao
51%
Réal Sociedad
50%
AllemagneLe Derby de la RuhrVSSchalke 04
50%
FranceLe Derby de la GaronneVSToulouse FC
43%
InternationalLe Derby IbériqueVSEspagne
26%
Portugal
26%
Club América
16%
ArgentineLe Clásico de AvellanedaVSRacing Club
14%
MexiqueLe Classique des ClassiquesVSChivas de Guadalajara
8%
Independiente
8%

Distribution des résultats

Percentile par nombre de réponses

% des personnes avec chaque résultat

Votre développement - résultats

Vous n’avez pas pris ce quiz